| 000 | nam a22 7a 4500 | ||
|---|---|---|---|
| 999 |
_c234500 _d234500 |
||
| 003 | Nust | ||
| 005 | 20170321161017.0 | ||
| 008 | 170321b xxu||||| |||| 00| 0 eng d | ||
| 040 | _c0 | ||
| 082 | _a330 SAM | ||
| 100 | _aSamuelson,Paul Anthony | ||
| 245 |
_aFoundations Of Economic Analysis: _bWith a New Introduction |
||
| 260 |
_aNew York _bAtheneum _c1971 |
||
| 300 | _a447 p. | ||
| 500 | _aP.B | ||
| 942 |
_2ddc _cBK _k330 SAM |
||